Профориентационная работа в системе многоуровневой структуры высшего образования; Перспективы существования и развития вузов в условиях рыночной экономики

Bibliografski detalji
Parent link:Перспективы существования и развития вузов в условиях рыночной экономики.— 1997.— С. 13
Glavni autor: Петрик В. В. Валерий Владимирович
Sažetak:В фонде НТБ ТПУ отсутствует
Jezik:ruski
Izdano: 1997
Teme:
Format: MixedMaterials Poglavlje knjige
KOHA link:https://koha.lib.tpu.ru/cgi-bin/koha/opac-detail.pl?biblionumber=596150

MARC

LEADER 00000naa0a2200000 4500
001 596150
005 20250331124206.0
035 |a (RuTPU)RU\TPU\tpu\18206 
090 |a 596150 
100 |a 20100929d1997 k y0rusy50 ca 
101 0 |a rus 
102 |a RU 
200 1 |a Профориентационная работа в системе многоуровневой структуры высшего образования  |f В. В. Петрик 
333 |a В фонде НТБ ТПУ отсутствует 
463 |t Перспективы существования и развития вузов в условиях рыночной экономики  |o тезисы докладов Всероссийской научно-методической конференции. Нижний Новгород (20-23 мая 1997 г.)  |f Нижегородский государственный технический университет (НГТУ)  |v С. 13  |h Ч 3. Формирование контингента студентов и довузовская подготовка   |d 1997 
610 1 |a труды учёных ТПУ 
700 1 |a Петрик  |b В. В.  |c историк  |c профессор Томского политехнического университета, доктор исторических наук  |f 1960-  |g Валерий Владимирович  |3 (RuTPU)RU\TPU\pers\25435 
801 1 |a RU  |b 63413507  |c 20100929 
801 2 |a RU  |b 63413507  |c 20110516  |g RCR 
942 |c BK